000 00308nam a2200097Ia 4500
008 241105s9999 xx 000 0 und d
041 _aeng
100 _aKarkhanis Niha
_9182279
245 _aSolar Shading For Low Energy Use And Daylight Quality In Offices In Pune.
260 _bM.Arch Environmental, Pune
_c2012
999 _c360566
_d360566